00420nam a2200133 a 450000100100000000500170001000800410002704000250006808200160009310000300010924500890013926000310022830000270025900003836020201002031234.0130409s20uu dr ac r 000 0 spa d aDO-SdBNPbspacBNPHU axxxxbM738a1 aMonclús, Juan Francisco10aApuntes sobre la victima del delito o victimiología /cJuan Francisco Monclús C. aSanto Domingo :,c[200?.]. a20 p. :bil. ;c21 cm.